U.S. Presidents by inauguration and Succession - Statistics

General Stats
  • This quiz has been taken 11 times
  • The average score is 17 of 47
Answer Stats
Term President % Correct
2017–2021 Donald Trump
88%
2021–2025 Joe Biden
88%
2025- Donald Trump
88%
2009–2017 Barack Obama
75%
1789–1797 George Washington
38%
1797–1801 John Adams
38%
1801–1809 Thomas Jefferson
38%
1809–1817 James Madison
38%
1817–1825 James Monroe
38%
1825–1829 John Quincy Adams
38%
1829–1837 Andrew Jackson
38%
1837–1841 Martin Van Buren
38%
1841 William Henry Harrison
38%
1841–1845 John Tyler
38%
1845–1849 James K. Polk
38%
1849–1850 Zachary Taylor
38%
1850–1853 Millard Fillmore
38%
1861–1865 Abraham Lincoln
38%
1865–1869 Andrew Johnson
38%
1869–1877 Ulysses S. Grant
38%
1877–1881 Rutherford B. Hayes
38%
1945–1953 Harry Truman
38%
1953–1961 Dwight D. Eisenhower
38%
1961–1963 John F. Kennedy
38%
1963–1969 Lyndon B. Johnson
38%
1969–1974 Richard Nixon
38%
1981–1989 Ronald Reagan
38%
1989–1993 George H.W. Bush
38%
1993–2001 Bill Clinton
38%
2001–2009 George W. Bush
38%
1853–1857 Franklin Pierce
25%
1857–1861 James Buchanan
25%
1881 James Garfield
25%
1881–1885 Chester A. Arthur
25%
1885–1889 Grover Cleveland
25%
1889–1893 Benjamin Harrison
25%
1893–1897 Grover Cleveland
25%
1897–1901 William McKinley
25%
1901–1909 Theodore Roosevelt
25%
1909–1913 William Taft
25%
1913–1921 Woodrow Wilson
25%
1921–1923 Warren Harding
25%
1923–1929 Calvin Coolidge
25%
1929–1933 Herbert Hoover
25%
1933–1945 Franklin D. Roosevelt
25%
1974–1977 Gerald R. Ford
25%
1977–1981 Jimmy Carter
25%
No matching quizzes found
Score Distribution
Percent of People with Each Score
Percentile by Number Answered
Your Score History
You have not taken this quiz